000 00688nam a2200217 i 4500
001 68657
003 ES-MaACL
005 20250812034402.0
007 t|
008 960813s1893 fr ||||1| fre d
040 _aCAM
_bspa
_cCAM
100 1 _aGayet, Albert.
_956145
245 1 2 _aL'art arabe /
_cpar Al. Gayet.
260 _aParis :
_bAncienne Maison Quantin, Librairies-imprimeries réunies,
_c[1893]
300 _a316 p. ;
_c21 cm.
490 1 _aBibliothèque de l'enseignement des beaux-arts
650 7 _aArte musulmán
_2embne
_9135624
830 0 _aBibliothèque de l'enseignement des beaux-arts
_9181140
852 _aES-MaACL
_jB-2506
999 _c68657
_d68657